Регионална библиотека "Любен Каравелов" - Русе

Последните 365 дни на българската буржоазия (Запис номер 181578)

MARC детайли
000 -Лидер
Контролно поле с фиксирана дължина 01244nam a2200313 c 4500
003 - Код на организацията, давaща контролен номер
Контролно поле BLK
005 - Дата и час на последна редакция
Контролно поле 20250119004127.0
008 - Елементи от данни с фиксирана дължина
fixed length control field 180411b bul|||||r ||||||| ||bul||
010 ## - Наследен системен номер
LC control number KNG00190484000
040 ## - Източник на каталожния запис
Идентификатор на билиотеката - собственик на записа BLK
041 ## - Код за език
Код за езика на текст/звукозапис или на отделно заглавие Български
Код за езика КДБФ Български
080 ## - УДК
Текстов определител УДК България през периода на общата криза на капитализма (1918-1944)
УДК код - определител по УДК 94(497.2)"1918/1945"
УДК определител
УДК - код + определител 94(497.2)"1918/1945"
100 1# - Редна дума - Автор
Автор Георгиев, Георги Стоянов
Авторска отговорност първи автор
R(LIN) 249875
139 ## - Редно поле
Редна дума Георгиев, Георги Стоянов
Авторски знак Георгиев - Г 37
245 10 - Сведения за заглавието
Заглавие Последните 365 дни на българската буржоазия
Подзаглавни данни [Изследване]
Редно поле (дума) Георги Стоянов Георгиев.
257 ## - Страна на издаване
Страна на създаване/издаване България
260 ## - Област на издателските данни
-- София
Име на издателя, разпространителя и проч. Воен. изд.
Година на издаване 1989
300 ## - Физическа характеристика
Страници 356 с.
Размери/Мащаб 21 см
380 ## - Жанр
Жанр История
500 ## - Общи забележки
Забележка Библиогр. под линия. - 6 640 тир.
650 #0 - Допълнително описание по предмет – тема
Основно описание – тема или топоним България - история, нова
9 (RLIN) 241998
653 ## - Ключова дума – ненормативна
Ключова дума буржоазия
852 ## - Местоположение
Форматна сигнатура Цб 160060
856 4# - Електронен адрес и достъп
Електронен формат pdf - файл
Път до файла /url/
856 4# - Електронен адрес и достъп
Електронен формат pdf - файл
Път до файла /url/
942 ## - АРТИКУЛИ
Вид на библиотечния материал Книги
Скрит в OPAC Не
944 ## - СЪЗДАВАНЕ И РЕДАКЦИЯ на ЗАПИСА
Създаване/Редакция Създаване
Дата на регистрацията/редакция 16.09.2016
Служител, извършил регистрацията/редакцията
Статус, дата на статуса CRON CRON
944 ## - СЪЗДАВАНЕ И РЕДАКЦИЯ на ЗАПИСА
Създаване/Редакция Редакция
Дата на регистрацията/редакция 06.03.2018
Служител, извършил регистрацията/редакцията Елица_Владова
999 ## - СИСТЕМНИ КОНТРОЛНИ НОМЕРА
Koha biblionumber 181578
Koha biblioitemnumber 181578
Наличности
Код за отписване Код за изгубен артикул Източник на класификационната схема Код за повреда Коз за рестрикции Код за отдаване Артикулен № Име на библиотеката - собственик Име на библиотеката, в която се намира в момента Статус (Текущо местоположение) Дата на вписване в системата Местоположение - отдел Цена в лева Инвентарен номер Систематично азбучна сигнатура Баркод Номер на екземпляра Цена в евро Служебна бележка Служебен тип на артикула
  Не е изгубен Universal Decimal Classification Не е повреден без рестрикции ползва се в читалня 311042 Регионална библиотека "Любен Каравелов" Русе Регионална библиотека "Любен Каравелов" Русе Хранилище 1989-01-01 Хранилище 2.32 524722 Цб 160060 120000524722 1 1.19 N: стар фонд Дата: 01.01.1989 Книги
  Не е изгубен Universal Decimal Classification Не е повреден без рестрикции заемане за дома 311043 Регионална библиотека "Любен Каравелов" Русе Регионална библиотека "Любен Каравелов" Русе Заемна - подръчен фонд 1989-01-01 Заемна - подръчен фонд 2.32 525494 94(497.2)"1939/1944"/Г 37 120000525494 2 1.19 N: стар фонд Дата: 01.01.1989 Дата инв: 08.02.2018 Бележки инв: П2018 Книги
Изтеглен Не е изгубен Universal Decimal Classification Не е повреден без рестрикции заемане за дома 311044 Регионална библиотека "Любен Каравелов" Русе Регионална библиотека "Любен Каравелов" Русе Заемна - подръчен фонд 1989-01-01 Заемна - подръчен фонд 2.32 525496 П 949.72.053/Г 37 525496 3 1.19 N: стар фонд Дата: 01.01.1989 Дата инв: 06.03.2018 Бележки инв: П2018 Книги
Vip Innovations Ltd, Rousse, Bulgaria 2025